000 00601nam a2200193Ia 4500
005 20250508151025.0
008 008 250505s9999 xx 000 0 eng d
037 _aTextual
040 _aFEDL
_beng
_cFEDL
041 _aeng
_2eng
084 _a370.19, STR
_qFEDL
100 _aStrong C. F.
245 0 _aTeaching for international understanding : An examination of methods and materials
260 _aLondon, UK
_bHer Majesty's Stationery Office
_c1952
300 _avi,95p
650 _aEducation - Sociology
_9757833
942 _cTEXL
_h370.19, STR
999 _c1327119
_d1327119